000 00770nam a22002057a 4500
010 _a317921
035 _a317921
037 _bCen Lib / Ret
040 _aDPL
_bEN
082 _a954.084
_bSET
100 _aSethi, R. R.
245 _aThe Lahore darbar
_bin the light of the correspondence of Sri C. M. Wade, 1823-1840 /
_cby R R Sethi [and] C M Wade
260 _aPunjab
_bPunjab Government Record Office
_c1950
270 _aPunjab Government Record Office
_bPunjab
300 _ax, 404p
_b24cm(HB)
490 _aPunjab Government Record Office publications, monograph
_vno. 1.
650 _aPunjab (India) -- History -- 19th century -- Sources.
650 _aBritish -- India -- Punjab -- History -- 19th century -- Sources.
942 _2ddc
_cEN
_k954.084
_mSET
999 _c136589
_d136589